[Event "Vienna Advent op"]
[Site "Vienna"]
[Date "2023.12.13"]
[Round "3"]
[White "Khalakhan, Jurij"]
[Black "Hoegl, Emanuel"]
[Result "1-0"]
[WhiteElo "2182"]
[BlackElo "2104"]
[PlyCount "85"]
[EventDate "2023.12.11"]
[EventType "swiss"]
[EventRounds "7"]
[EventCountry "AUT"]
[SourceTitle "CB51_2023"]
[SourceDate "2023.12.20"]
[SourceVersion "1"]
[SourceVersionDate "2023.12.20"]
[SourceQuality "1"]

1. e4 c6 2. d4 d5 3. exd5 cxd5 4. c4 Nf6 5. Nc3 Nc6 6. Nf3 Bg4 7. Bg5 Ne4 8. cxd5 Nxc3 9. bxc3 Qxd5 10. Qb3 Qxb3 11. axb3 Bxf3 12. gxf3 e6 13. Bb5 Kd7 14. Ke2 Bd6 15. h4 a6 16. Bd3 h5 17. Rad1 g6 18. Be4 f5 19. d5 fxe4 20. dxc6+ Kxc6 21. fxe4 Raf8 22. b4 Rh7 23. Be3 Bf4 24. Rhg1 Bxe3 25. fxe3 Rhf7 26. Rg2 Kb5 27. Rd4 Rf1 28. e5 Rc1 29. Kd3 Rc8 30. Rxg6 R8xc3+ 31. Ke4 Rh1 32. Rxe6 Rxh4+ 33. Kd5 Rh1 34. Re7 b6 35. e4 h4 36. e6 h3 37. Rh7 Rg1 38. e7 Rg8 39. Ke6 Rc7 40. Rxh3 Rg6+ 41. Kf5 Rg8 42. Rd8 Rc8 43. Rhd3 1-0

[Event "Vienna Advent op"]
[Site "Vienna"]
[Date "2023.12.12"]
[Round "2"]
[White "Wickramasinghe, Nathaniel"]
[Black "Khalakhan, Jurij"]
[Result "0-1"]
[WhiteElo "1863"]
[BlackElo "2182"]
[PlyCount "72"]
[EventDate "2023.12.11"]
[EventType "swiss"]
[EventRounds "7"]
[EventCountry "AUT"]
[SourceTitle "CB51_2023"]
[SourceDate "2023.12.20"]
[SourceVersion "1"]
[SourceVersionDate "2023.12.20"]
[SourceQuality "1"]

1. e4 c5 2. Nf3 e6 3. d4 cxd4 4. Nxd4 Nc6 5. Nc3 Qc7 6. Be2 a6 7. 0-0 Nf6 8. a3 Be7 9. Nxc6 bxc6 10. Re1 d5 11. exd5 cxd5 12. Bf3 0-0 13. Be3 Bc5 14. Bxc5 Qxc5 15. Qd3 Bd7 16. Rab1 Rfc8 17. h3 h6 18. Red1 Ne8 19. Qd4 Qa5 20. Be2 Qc7 21. Rd3 Bb5 22. Nxb5 Qxc2 23. Nc3 Rxc3 24. Qxc3 Qxb1+ 25. Rd1 Qe4 26. Bf3 Qa4 27. Rd4 Qd7 28. Rg4 Rc8 29. Qd2 Nf6 30. Rb4 a5 31. Rd4 e5 32. Bg4 Nxg4 33. Rxg4 d4 34. Qxa5 d3 35. Qxe5 Qxg4 36. hxg4 d2 0-1

[Event "Vienna Advent op"]
[Site "Vienna"]
[Date "2023.12.11"]
[Round "1"]
[White "Khalakhan, Jurij"]
[Black "Hrdina, Karl"]
[Result "1-0"]
[WhiteElo "2182"]
[BlackElo "1812"]
[PlyCount "37"]
[EventDate "2023.12.11"]
[EventType "swiss"]
[EventRounds "7"]
[EventCountry "AUT"]
[SourceTitle "CB51_2023"]
[SourceDate "2023.12.20"]
[SourceVersion "1"]
[SourceVersionDate "2023.12.20"]
[SourceQuality "1"]

1. e4 e5 2. Nf3 Nc6 3. Bc4 Nf6 4. Ng5 d5 5. exd5 Nxd5 6. d4 Be7 7. Nxf7 Kxf7 8. Qf3+ Bf6 9. Bxd5+ Be6 10. Bxc6 bxc6 11. dxe5 Bd5 12. Qf5 Re8 13. f4 Bxg2 14. Rg1 g6 15. Qd3 Bh4+ 16. Ke2 Qxd3+ 17. cxd3 Bh3 18. Nd2 Rad8 19. Nf3 1-0

[Event "AUT-chT2M 2324"]
[Site "Austria"]
[Date "2023.11.04"]
[Round "2.5"]
[White "Khalakhan, Jurij"]
[Black "Hiermann, Dietmar"]
[Result "1/2-1/2"]
[WhiteElo "2167"]
[BlackElo "2200"]
[PlyCount "64"]
[EventDate "2023.11.03"]
[EventType "team-tourn"]
[EventRounds "11"]
[EventCountry "AUT"]
[SourceTitle "CB46_2023"]
[SourceDate "2023.11.15"]
[SourceVersion "1"]
[SourceVersionDate "2023.11.15"]
[SourceQuality "1"]
[WhiteTeam "Frauental"]
[BlackTeam "Sauwald"]
[WhiteTeamCountry "AUT"]
[BlackTeamCountry "AUT"]

1. d4 d5 2. c4 e6 3. Nc3 Nf6 4. cxd5 exd5 5. Bg5 Be7 6. e3 c6 7. Bd3 Nbd7 8. Qc2 Nh5 9. Bxe7 Qxe7 10. Nge2 Nb6 11. 0-0 g6 12. Na4 Nxa4 13. Qxa4 0-0 14. Ng3 Ng7 15. Rfe1 Be6 16. b4 Rfd8 17. b5 cxb5 18. Qxb5 Rac8 19. Rec1 Qa3 20. Ne2 Ne8 21. Qb3 Qxb3 22. axb3 Rxc1+ 23. Rxc1 Rc8 24. Rxc8 Bxc8 25. Kf1 Kf8 26. Ke1 Ke7 27. Kd2 Nc7 28. f3 Kd6 29. h4 Bd7 30. h5 f5 31. hxg6 hxg6 32. Nf4 Be8 1/2-1/2

[Event "Titled Tuesday intern op 01st Nov Early"]
[Site "Chess.com INT"]
[Date "2022.11.01"]
[Round "3"]
[White "Khalakhan, Jurij"]
[Black "Sargsyan, Anna M"]
[Result "0-1"]
[WhiteElo "2184"]
[BlackElo "2384"]
[PlyCount "88"]
[EventDate "2022.11.01"]
[EventType "swiss (blitz)"]
[EventRounds "11"]
[EventCountry "USA"]
[SourceTitle "EXT 2024"]
[Source "ChessBase"]
[SourceDate "2023.10.10"]
[SourceVersion "1"]
[SourceVersionDate "2023.10.10"]
[SourceQuality "1"]

1. e4 c6 2. d4 d5 3. exd5 cxd5 4. c4 Nf6 5. Nc3 Nc6 6. Nf3 Bg4 7. cxd5 Nxd5 8. Qb3 Bxf3 9. gxf3 Nb6 10. d5 Nd4 11. Bb5+ Nd7 12. Qd1 Nxb5 13. Nxb5 g6 14. Qe2 Bg7 15. Nd6+ Kf8 16. Ne4 Qa5+ 17. Bd2 Qxd5 18. 0-0 Ne5 19. Rad1 Qd3 20. Qxd3 Nxd3 21. Bc3 Bxc3 22. Rxd3 Be5 23. Rd7 b6 24. Rc1 f6 25. b3 Kf7 26. Kf1 Rhd8 27. Rxd8 Rxd8 28. Ke2 g5 29. h3 h5 30. Rc4 h4 31. Ra4 Rd7 32. Rc4 e6 33. Rc6 Rc7 34. Rxc7+ Bxc7 35. Kd3 Be5 36. Kc4 a6 37. a4 Kg6 38. Nd2 Kf5 39. Kd3 Kf4 40. Ke2 f5 41. Nc4 Bc7 42. Kf1 Kxf3 43. b4 g4 44. hxg4 fxg4 0-1

[Event "AUT-chT2M 2223"]
[Site "Austria"]
[Date "2022.10.02"]
[Round "3.4"]
[White "Schernthaner, David"]
[Black "Khalakhan, Jurij"]
[Result "1/2-1/2"]
[WhiteElo "2277"]
[BlackElo "2178"]
[PlyCount "95"]
[EventDate "2022.09.30"]
[EventType "team-tourn"]
[EventRounds "11"]
[EventCountry "AUT"]
[SourceTitle "CBM 210 Extra"]
[Source "ChessBase"]
[SourceDate "2022.11.30"]
[SourceVersion "1"]
[SourceVersionDate "2022.11.30"]
[SourceQuality "1"]
[WhiteTeam "Fuerstenfeld/Hartberg"]
[BlackTeam "Frauental"]
[WhiteTeamCountry "AUT"]
[BlackTeamCountry "AUT"]

1. e4 c5 2. Nf3 e6 3. d4 cxd4 4. Nxd4 a6 5. c4 Nf6 6. Nc3 Bb4 7. Qd3 Qc7 8. a3 Be7 9. Be2 b6 10. 0-0 Bb7 11. f4 d6 12. f5 e5 13. Nc2 Nbd7 14. b4 Rc8 15. Bd2 0-0 16. Ne3 Qb8 17. Rad1 Qa8 18. Bf3 b5 19. cxb5 axb5 20. Ned5 Bxd5 21. exd5 Qxa3 22. Ra1 Qxb4 23. Nxb5 Qc4 24. Qxc4 Rxc4 25. Rfd1 Rb8 26. Na7 Bd8 27. Nc6 Bb6+ 28. Kf1 Re8 29. Be2 Rh4 30. h3 Ne4 31. Bg4 Ng3+ 32. Ke1 f6 33. Ra3 Ne4 34. Be3 h5 35. Bxb6 hxg4 36. Bf2 Nxf2 37. Kxf2 gxh3 38. gxh3 Nc5 39. Ra7 Ne4+ 40. Kg2 Rf4 41. Rb1 Kh7 42. Rbb7 Rxf5 43. Rxg7+ Kh6 44. Rh7+ Kg5 45. Rhg7+ Kh6 46. Rh7+ Kg5 47. Rhg7+ Kh6 48. Rh7+ 1/2-1/2

[Event "Zadar op-A 26th"]
[Site "Zadar"]
[Date "2019.12.22"]
[Round "9"]
[White "Khalakhan, Jurij"]
[Black "De Francesco, Klaus"]
[Result "1-0"]
[WhiteElo "2240"]
[BlackElo "2273"]
[PlyCount "119"]
[EventDate "2019.12.15"]
[EventType "swiss"]
[EventRounds "9"]
[EventCountry "CRO"]
[SourceTitle "CBM 193 Extra"]
[Source "ChessBase"]
[SourceDate "2020.01.31"]
[SourceVersion "1"]
[SourceVersionDate "2020.01.31"]
[SourceQuality "1"]

1. Nf3 d5 2. g3 Nf6 3. Bg2 c6 4. 0-0 Bf5 5. Re1 h6 6. d3 e6 7. Nbd2 Bh7 8. b3 Be7 9. Bb2 0-0 10. e4 a5 11. a3 Qb6 12. Qe2 Na6 13. Ne5 Rad8 14. Ng4 d4 15. f4 c5 16. Rf1 Qc7 17. Rae1 b5 18. Bc1 a4 19. bxa4 c4 20. Nxf6+ Bxf6 21. axb5 cxd3 22. cxd3 Nc5 23. Nc4 Na4 24. Qc2 Nb6 25. Bb2 Rc8 26. Rc1 Qa7 27. Qb3 Na4 28. h3 Nc3 29. Kh2 Rfd8 30. Ra1 Na4 31. Rfb1 Nc5 32. Qc2 Nxe4 33. dxe4 d3 34. Qb3 Qf2 35. Rf1 Qc2 36. Qxc2 dxc2 37. Bxf6 gxf6 38. Ne3 Rd3 39. Ng4 Kg7 40. a4 Rcc3 41. Rac1 h5 42. Nf2 Rd2 43. Nh1 Bxe4 44. Rf2 Rd1 45. Rcxc2 Bxc2 46. a5 Ra1 47. a6 Bd3 48. Rb2 Rc2 49. Rxc2 Bxc2 50. Nf2 f5 51. Bb7 Ra2 52. Kg1 Ra1+ 53. Kg2 Ra2 54. b6 Be4+ 55. Bxe4 Rxa6 56. b7 Rb6 57. Bf3 f6 58. Nd3 e5 59. fxe5 fxe5 60. Nxe5 1-0

[Event "AUT-chT2M 1920"]
[Site "Austria"]
[Date "2019.11.08"]
[Round "4.4"]
[White "Khalakhan, Jurij"]
[Black "Schloffer, Jasmin Denise"]
[Result "1/2-1/2"]
[WhiteElo "2249"]
[BlackElo "2084"]
[PlyCount "44"]
[EventDate "2019.10.11"]
[EventType "team-tourn"]
[EventRounds "11"]
[EventCountry "AUT"]
[SourceTitle "CBM 192 Extra"]
[Source "Chessbase"]
[SourceDate "2019.11.06"]
[SourceVersion "1"]
[SourceVersionDate "2019.11.06"]
[SourceQuality "1"]
[WhiteTeam "Frauental"]
[BlackTeam "Nettingsdorf/Traun"]
[WhiteTeamCountry "AUT"]
[BlackTeamCountry "AUT"]

1. e4 e5 2. Nf3 Nc6 3. Bc4 Bc5 4. b4 Bxb4 5. c3 Ba5 6. d4 d6 7. Qb3 Qd7 8. Nbd2 Bb6 9. 0-0 Na5 10. Qc2 Ne7 11. dxe5 Ng6 12. exd6 0-0 13. dxc7 Qxc7 14. Bd5 Bg4 15. h3 Bxh3 16. gxh3 Qg3+ 17. Kh1 Qxh3+ 18. Nh2 Nf4 19. Rg1 Nd3 20. Rf1 Nf4 21. Rg1 Nd3 22. Rf1 Nf4 1/2-1/2

[Event "AUT-chT2M 1920"]
[Site "Austria"]
[Date "2019.10.13"]
[Round "3.4"]
[White "Khalakhan, Jurij"]
[Black "Hebesberger, Thomas"]
[Result "1/2-1/2"]
[WhiteElo "2249"]
[BlackElo "2241"]
[PlyCount "76"]
[EventDate "2019.10.11"]
[EventType "team-tourn"]
[EventRounds "11"]
[EventCountry "AUT"]
[SourceTitle "CBM 192 Extra"]
[Source "Chessbase"]
[SourceDate "2019.11.06"]
[SourceVersion "1"]
[SourceVersionDate "2019.11.06"]
[SourceQuality "1"]
[WhiteTeam "Frauental"]
[BlackTeam "St Veit Aspernig II"]
[WhiteTeamCountry "AUT"]
[BlackTeamCountry "AUT"]

1. e4 c5 2. Nc3 Nc6 3. f4 g6 4. Nf3 Bg7 5. Bb5 Nd4 6. 0-0 a6 7. Bd3 Nc6 8. a4 e6 9. Qe1 Nb4 10. Kh1 Ne7 11. Qh4 Nec6 12. Qf2 Nxd3 13. cxd3 d6 14. b3 0-0 15. Bb2 Qb6 16. Rab1 Nd4 17. Ne2 Nxf3 18. Qxf3 Bxb2 19. Rxb2 Bd7 20. Rbb1 Qb4 21. Nc3 b5 22. f5 Qd4 23. f6 h6 24. a5 Kh7 25. Nd1 e5 26. Qg3 d5 27. exd5 Qxd5 28. Nc3 Qd4 29. Rbe1 Bc6 30. Rxe5 Rad8 31. Rh5 Qxd3 32. Rxh6+ Kg8 33. Rf4 Qxg3 34. hxg3 Rd4 35. Rxd4 cxd4 36. Ne2 d3 37. Nf4 Be4 38. Nh3 Bd5 1/2-1/2

[Event "AUT-chT2M 1920"]
[Site "Austria"]
[Date "2019.10.11"]
[Round "1.4"]
[White "Khalakhan, Jurij"]
[Black "Enoeckl, Philipp"]
[Result "1/2-1/2"]
[WhiteElo "2249"]
[BlackElo "2283"]
[PlyCount "64"]
[EventDate "2019.10.11"]
[EventType "team-tourn"]
[EventRounds "11"]
[EventCountry "AUT"]
[SourceTitle "CBM 192 Extra"]
[Source "Chessbase"]
[SourceDate "2019.11.06"]
[SourceVersion "1"]
[SourceVersionDate "2019.11.06"]
[SourceQuality "1"]
[WhiteTeam "Frauental"]
[BlackTeam "Steyregg"]
[WhiteTeamCountry "AUT"]
[BlackTeamCountry "AUT"]

1. e4 e6 2. d4 d5 3. Nd2 Be7 4. e5 c5 5. c3 Nc6 6. Bd3 cxd4 7. cxd4 Nh6 8. Ne2 Nf5 9. 0-0 Qb6 10. Nf3 Bd7 11. Bxf5 exf5 12. Nf4 Be6 13. Nh5 Rg8 14. h4 h6 15. Re1 0-0-0 16. Re3 Rd7 17. b4 g5 18. hxg5 hxg5 19. Nf6 Bxf6 20. exf6 f4 21. Rc3 Bg4 22. Qa4 Bxf3 23. b5 Bd1 24. Qxd1 Qxb5 25. Rc5 Qa6 26. Qg4 Kd8 27. Bxf4 Qd3 28. Be3 Rh8 29. Rac1 Qh7 30. Kf1 Qd3+ 31. Kg1 Qh7 32. Kf1 Qd3+ 1/2-1/2

[Event "Niederoesterreich Landesliga 1819"]
[Site "Austria"]
[Date "2019.04.07"]
[Round "11.1"]
[White "Khalakhan, Jurij"]
[Black "Groetz, Harald"]
[Result "0-1"]
[WhiteElo "2219"]
[BlackElo "2339"]
[PlyCount "96"]
[EventDate "2018.09.30"]
[EventType "team-tourn"]
[EventRounds "11"]
[EventCountry "AUT"]
[SourceTitle "EXT 2021"]
[Source "ChessBase"]
[SourceDate "2020.10.23"]
[SourceVersion "1"]
[SourceVersionDate "2020.10.23"]
[SourceQuality "1"]
[WhiteTeam "Litschau/Eisgarn"]
[BlackTeam "Stockerau"]
[WhiteTeamCountry "AUT"]
[BlackTeamCountry "AUT"]

1. e4 c5 2. Nf3 g6 3. d4 Bg7 4. c4 cxd4 5. Nxd4 Nc6 6. Be3 Nf6 7. Nc3 d6 8. Be2 0-0 9. 0-0 Bd7 10. Kh1 Nxd4 11. Bxd4 Bc6 12. Bd3 a5 13. f4 Nd7 14. Bxg7 Kxg7 15. Qe2 Nc5 16. Rae1 e6 17. Bb1 f6 18. Rd1 Qc7 19. Rd2 Rad8 20. Rfd1 b6 21. b3 Kh8 22. Qe3 Rd7 23. Bc2 e5 24. f5 gxf5 25. exf5 Rg7 26. Nd5 Bxd5 27. Rxd5 Rfg8 28. g3 Nb7 29. Be4 Rd8 30. R5d2 a4 31. Bg2 Na5 32. Qf3 Re7 33. g4 Qc5 34. Rd5 Qa3 35. Rb5 Qxa2 36. Rxb6 Nxb3 37. Rbxd6 Rxd6 38. Rxd6 e4 39. Qf4 Qa1+ 40. Bf1 e3 41. Re6 Rxe6 42. fxe6 e2 43. Qb8+ Kg7 44. Qa7+ Kg6 45. Qf7+ Kg5 46. Qh5+ Kf4 47. Qh6+ Ke4 48. Qxh7+ Kd4 0-1

[Event "Niederoesterreich Landesliga 1819"]
[Site "Austria"]
[Date "2019.03.03"]
[Round "9.1"]
[White "Khalakhan, Jurij"]
[Black "Mostbauer, Florian"]
[Result "1/2-1/2"]
[WhiteElo "2219"]
[BlackElo "2342"]
[PlyCount "87"]
[EventDate "2018.09.30"]
[EventType "team-tourn"]
[EventRounds "11"]
[EventCountry "AUT"]
[SourceTitle "CBM 189 Extra"]
[Source "ChessBase"]
[SourceDate "2019.06.03"]
[SourceVersion "1"]
[SourceVersionDate "2019.06.03"]
[SourceQuality "1"]
[WhiteTeam "Litschau/Eisgarn"]
[BlackTeam "Boehlerwerk"]
[WhiteTeamCountry "AUT"]
[BlackTeamCountry "AUT"]

1. c4 c6 2. e4 d5 3. exd5 cxd5 4. cxd5 Nf6 5. Nc3 Nxd5 6. Nf3 e6 7. d4 Nc6 8. Bd3 Ncb4 9. Bb1 Nxc3 10. bxc3 Nd5 11. c4 Nc3 12. Qb3 Nxb1 13. Rxb1 Be7 14. 0-0 0-0 15. Bf4 b6 16. Rfd1 Bb7 17. d5 exd5 18. cxd5 Bd6 19. Bxd6 Qxd6 20. Rd4 Rfd8 21. Rbd1 Qf6 22. Ne1 Rd6 23. Nc2 Rad8 24. Ne3 h6 25. h3 R6d7 26. Qd3 Qg5 27. h4 Qe5 28. g3 Qf6 29. Rf4 Qb2 30. a4 Bxd5 31. Nxd5 Rxd5 32. Qxd5 Rxd5 33. Rxd5 Qc1+ 34. Kh2 Qc7 35. a5 bxa5 36. Ra4 Qc2 37. Rdxa5 Qxf2+ 38. Kh3 Qf1+ 39. Kh2 Qe2+ 40. Kh3 f5 41. Rxa7 Qf1+ 42. Kh2 Qf2+ 43. Kh3 Kh7 44. Re7 1/2-1/2

[Event "AUT-chT2M 1819"]
[Site "Austria"]
[Date "2019.03.01"]
[Round "9.2"]
[White "Khalakhan, Jurij"]
[Black "Wiesinger, Robert"]
[Result "1-0"]
[WhiteElo "2214"]
[BlackElo "2211"]
[PlyCount "79"]
[EventDate "2018.10.19"]
[EventType "team-tourn"]
[EventRounds "11"]
[EventCountry "AUT"]
[SourceTitle "CBM 189 Extra"]
[Source "ChessBase"]
[SourceDate "2019.06.03"]
[SourceVersion "1"]
[SourceVersionDate "2019.06.03"]
[SourceQuality "1"]
[WhiteTeam "Frauental"]
[BlackTeam "Steyregg"]
[WhiteTeamCountry "AUT"]
[BlackTeamCountry "AUT"]

1. e4 e5 2. Nf3 Nc6 3. Bc4 Bc5 4. b4 Bxb4 5. c3 Ba5 6. d4 exd4 7. 0-0 Nge7 8. Ng5 d5 9. Nxf7 Kxf7 10. exd5 Ne5 11. Bb3 Nxd5 12. Qh5+ g6 13. Qxe5 Be6 14. Qxd4 c6 15. Bb2 Re8 16. c4 Nf6 17. Qh4 Nh5 18. Qe4 Qg5 19. f4 Bb6+ 20. Bd4 Bxd4+ 21. Qxd4 Qf6 22. Qxf6+ Nxf6 23. Nd2 Bg4 24. c5+ Kg7 25. Rfe1 Rad8 26. Nc4 Ne4 27. Ne5 Nf6 28. h3 Bc8 29. Nf7 Rxe1+ 30. Rxe1 Re8 31. Rd1 Ne4 32. Re1 Nf6 33. Re5 Rxe5 34. fxe5 Nd5 35. Bxd5 cxd5 36. Nd6 Bf5 37. Kf2 Bb1 38. a3 Kf8 39. Ke3 Ke7 40. Kd4 1-0

[Event "Graz op-A"]
[Site "Graz"]
[Date "2019.02.20"]
[Round "4"]
[White "Khalakhan, Jurij"]
[Black "Nguyen, Piotr"]
[Result "1-0"]
[WhiteElo "2277"]
[BlackElo "2420"]
[PlyCount "53"]
[EventDate "2019.02.17"]
[EventType "swiss"]
[EventRounds "9"]
[EventCountry "AUT"]
[SourceTitle "CBM 189 Extra"]
[Source "ChessBase"]
[SourceDate "2019.06.03"]
[SourceVersion "1"]
[SourceVersionDate "2019.06.03"]
[SourceQuality "1"]

1. e4 g6 2. d4 Bg7 3. Nc3 d6 4. Be3 a6 5. Qd2 Nd7 6. h4 Ngf6 7. f3 h5 8. Nh3 b5 9. 0-0-0 c6 10. Ng5 Qa5 11. Kb1 Rb8 12. Qf2 Nb6 13. Bc1 0-0 14. g4 b4 15. Ne2 hxg4 16. Ng3 gxf3 17. h5 Ng4 18. Qxf3 Bh6 19. e5 f6 20. Qd3 f5 21. hxg6 dxe5 22. Nf7 Bxc1 23. Nxf5 Bxf5 24. Qxf5 Nh6 25. Nxh6+ Kg7 26. Qe6 Rbe8 27. Nf5+ 1-0

[Event "Graz op-A"]
[Site "Graz"]
[Date "2019.02.18"]
[Round "2"]
[White "Perske, Thore"]
[Black "Khalakhan, Jurij"]
[Result "1-0"]
[WhiteElo "2451"]
[BlackElo "2277"]
[PlyCount "67"]
[EventDate "2019.02.17"]
[EventType "swiss"]
[EventRounds "9"]
[EventCountry "AUT"]
[SourceTitle "CBM 189 Extra"]
[Source "ChessBase"]
[SourceDate "2019.06.03"]
[SourceVersion "1"]
[SourceVersionDate "2019.06.03"]
[SourceQuality "1"]

1. e4 d6 2. d4 Nf6 3. Nc3 g6 4. Be3 c6 5. Qd2 Nbd7 6. 0-0-0 b5 7. f3 b4 8. Nce2 a5 9. g4 Nb6 10. Ng3 h5 11. g5 Nfd7 12. h4 d5 13. f4 dxe4 14. Nxe4 Nd5 15. Nf3 Bg7 16. Bd3 N7b6 17. Ne5 Bf5 18. Ng3 e6 19. Rhg1 a4 20. Nxf5 exf5 21. c4 bxc3 22. bxc3 0-0 23. c4 Nxe3 24. Qxe3 a3 25. Bc2 Qc7 26. Bb3 Rfe8 27. Rge1 c5 28. dxc5 Na4 29. Rd5 Ra5 30. c6 Nb2 31. Kb1 Bxe5 32. fxe5 Re6 33. Qd2 Rxc6 34. Qxa5 1-0

[Event "AUT-chT2M 1819"]
[Site "Austria"]
[Date "2019.01.19"]
[Round "7.6"]
[White "Oberngruber, Thomas"]
[Black "Khalakhan, Jurij"]
[Result "1/2-1/2"]
[WhiteElo "2109"]
[BlackElo "2276"]
[PlyCount "58"]
[EventDate "2018.10.19"]
[EventType "team-tourn"]
[EventRounds "11"]
[EventCountry "AUT"]
[SourceTitle "CBM 189 Extra"]
[Source "ChessBase"]
[SourceDate "2019.06.03"]
[SourceVersion "1"]
[SourceVersionDate "2019.06.03"]
[SourceQuality "1"]
[WhiteTeam "Freistadt/Wartberg"]
[BlackTeam "Frauental"]
[WhiteTeamCountry "AUT"]
[BlackTeamCountry "AUT"]

1. e4 c5 2. Nc3 e6 3. Nf3 Nc6 4. d4 cxd4 5. Nxd4 Qc7 6. a3 a6 7. Be3 Nf6 8. Be2 d6 9. Qd2 Be7 10. f4 Na5 11. Nb3 Nc4 12. Bxc4 Qxc4 13. Qd4 Qxd4 14. Bxd4 b5 15. 0-0 0-0 16. Rad1 Ne8 17. Rfe1 Bd7 18. Bb6 Rc8 19. Ba5 f6 20. Bb4 Rf7 21. Na5 Bc6 22. Nxc6 Rxc6 23. f5 e5 24. Re2 Bd8 25. Red2 Bb6+ 26. Kf1 Bd4 27. Ne2 Bc5 28. Nc3 Bd4 29. Ne2 Bc5 1/2-1/2

[Event "AUT-chT2M 1819"]
[Site "Austria"]
[Date "2019.01.18"]
[Round "6.6"]
[White "Khalakhan, Jurij"]
[Black "Obermayr, Hermann"]
[Result "1-0"]
[WhiteElo "2276"]
[BlackElo "2156"]
[PlyCount "51"]
[EventDate "2018.10.19"]
[EventType "team-tourn"]
[EventRounds "11"]
[EventCountry "AUT"]
[SourceTitle "CBM 189 Extra"]
[Source "ChessBase"]
[SourceDate "2019.06.03"]
[SourceVersion "1"]
[SourceVersionDate "2019.06.03"]
[SourceQuality "1"]
[WhiteTeam "Frauental"]
[BlackTeam "Grieskirchen/Bad Schallenberg"]
[WhiteTeamCountry "AUT"]
[BlackTeamCountry "AUT"]

1. e4 e6 2. d4 d5 3. Nd2 a6 4. Ngf3 c5 5. c3 Nc6 6. Bd3 cxd4 7. cxd4 dxe4 8. Nxe4 Nf6 9. 0-0 Be7 10. Re1 0-0 11. Bc2 Nb4 12. Bb1 b6 13. a3 Nbd5 14. Qd3 Bb7 15. Ne5 Rc8 16. Ng5 g6 17. Ngf3 Re8 18. Ng5 Rf8 19. Ba2 b5 20. Qh3 Qb6 21. Bxd5 Bxd5 22. Nd7 Qxd4 23. Nxf6+ Kg7 24. Nxd5 Qxd5 25. Qxh7+ Kf6 26. Ne4+ 1-0

[Event "Innsbruck op-A 2nd"]
[Site "Innsbruck"]
[Date "2018.08.30"]
[Round "7"]
[White "Kraemer, Max"]
[Black "Khalakhan, Jurij"]
[Result "1/2-1/2"]
[WhiteElo "2046"]
[BlackElo "2201"]
[PlyCount "57"]
[EventDate "2018.08.24"]
[EventType "swiss"]
[EventRounds "9"]
[EventCountry "AUT"]
[SourceTitle "CBM 186 Extra"]
[Source "ChessBase"]
[SourceDate "2018.08.24"]
[SourceVersion "1"]
[SourceVersionDate "2018.08.24"]
[SourceQuality "1"]

1. e4 c5 2. Nf3 d6 3. Bb5+ Bd7 4. a4 Nc6 5. 0-0 g6 6. Re1 e5 7. c3 Bg7 8. d4 cxd4 9. cxd4 Nge7 10. Bg5 Nxd4 11. Nxd4 exd4 12. Na3 0-0 13. Rc1 Rc8 14. Qd2 Bc6 15. Nc4 Qd7 16. Bf4 Bxb5 17. axb5 d5 18. Nd6 Rxc1 19. Rxc1 dxe4 20. Nxe4 Qxb5 21. Bh6 Nc6 22. Rc5 Qb6 23. Bxg7 Kxg7 24. Rh5 gxh5 25. Qg5+ Kh8 26. Qf6+ Kg8 27. Qg5+ Kh8 28. Qf6+ Kg8 29. Qg5+ 1/2-1/2

[Event "Innsbruck op-A 2nd"]
[Site "Innsbruck"]
[Date "2018.08.29"]
[Round "6"]
[White "Khalakhan, Jurij"]
[Black "Gramb, Marius"]
[Result "0-1"]
[WhiteElo "2201"]
[BlackElo "2073"]
[PlyCount "86"]
[EventDate "2018.08.24"]
[EventType "swiss"]
[EventRounds "9"]
[EventCountry "AUT"]
[SourceTitle "CBM 186 Extra"]
[Source "ChessBase"]
[SourceDate "2018.08.24"]
[SourceVersion "1"]
[SourceVersionDate "2018.08.24"]
[SourceQuality "1"]

1. e4 c5 2. Nf3 d6 3. d4 cxd4 4. Nxd4 Nf6 5. Nc3 a6 6. Be3 e6 7. f3 b5 8. Qd2 Nbd7 9. g4 b4 10. Na4 h6 11. h4 d5 12. Bh3 Ne5 13. g5 hxg5 14. hxg5 Nh5 15. b3 dxe4 16. 0-0-0 Be7 17. g6 Nxg6 18. Qg2 Nhf4 19. Qf1 Qc7 20. Kb1 Bd7 21. Bxf4 Qxf4 22. Nb6 Ra7 23. Nxd7 Rxd7 24. Qxa6 0-0 25. Bxe6 Rd6 26. Qc4 fxe6 27. Rdg1 Qf6 28. Nc6 Ne5 29. Nxe7+ Qxe7 30. Qxe4 Rf5 31. f4 Nc6 32. Qg2 Qf6 33. Qh3 Kf7 34. Qh8 Rd8 35. Qh7 Ne7 36. Rg5 Nd5 37. Qh5+ Ke7 38. Re1 Nc3+ 39. Kc1 Ne2+ 40. Kb1 Nc3+ 41. Kc1 Nxa2+ 42. Kb1 Nc3+ 43. Kc1 Ne4 0-1

[Event "Innsbruck op-A 2nd"]
[Site "Innsbruck"]
[Date "2018.08.28"]
[Round "5"]
[White "Beshukova, Alina"]
[Black "Khalakhan, Jurij"]
[Result "0-1"]
[WhiteElo "2010"]
[BlackElo "2201"]
[PlyCount "76"]
[EventDate "2018.08.24"]
[EventType "swiss"]
[EventRounds "9"]
[EventCountry "AUT"]
[SourceTitle "CBM 186 Extra"]
[Source "ChessBase"]
[SourceDate "2018.08.24"]
[SourceVersion "1"]
[SourceVersionDate "2018.08.24"]
[SourceQuality "1"]

1. Nf3 b6 2. d4 Bb7 3. e3 e6 4. Be2 f5 5. c4 Nf6 6. 0-0 Be7 7. Nc3 d6 8. b3 0-0 9. Bb2 Qe8 10. Ng5 Bxg2 11. Kxg2 Qg6 12. Kh1 Qxg5 13. Rg1 Qh6 14. Bf3 c6 15. Nb5 Ne8 16. d5 a6 17. Nd4 e5 18. Nxc6 Nxc6 19. dxc6 Kh8 20. Bd5 Ra7 21. a4 a5 22. b4 axb4 23. Qb3 f4 24. e4 Qh4 25. f3 Qh3 26. Rg2 Bd8 27. Rf1 Rf6 28. Qxb4 Rg6 29. Rgg1 Rg3 30. Bxe5 Rxf3 31. Rxf3 Qxf3+ 32. Rg2 Qe3 33. Bc3 f3 34. Rg3 f2 35. Qb1 Qf4 36. Kg2 Bh4 37. Rf3 Qg4+ 38. Kf1 Qxf3 0-1